00458cam a2200181ua 45000010005000000080039000050200018000440400009000620410008000710820008000791000026000872450047001132500012001602600040001723000010002126530029002226530025002519814160907n ii |||gr||||Z||||||eng a9788131606186 cMAIN aeng a301 aNagla, B.K.,eAuthor. aIndian sociological thoughtcBy B.K. Nagla a2nd ed. aJaipur:bRawat publications,c2015. a488p. aSociology & anthropology aSociological thought